Les 12 coups de midi | Coup fatal #17 - Statistiques

Statistiques générales
  • Ce quiz a été pris 501 fois
  • Le résultat moyen est 6 sur 14
Statistiques - réponses
Questions Réponses % Correct
Dans quel sport Neymar est-il une star internationale ? football
100%
De quel pays est originaire le groupe Daft Punk ? France
87%
Dans le titre d'un classique de Disney, qui accompagne le Clochard ? La Belle
81%
Quel verbe dérivé d'une couleur désigne le fait de "laver" de l'argent ? blanchir
72%
Quel mot rimant avec "malingre" est synonyme de "radin" ? pingre
55%
Quel roman de Stendhal est inspiré du fait divers appelé "l'affaire Berthet" ? Le Rouge et le Noir
39%
Quel immense lac sépare l'Ouganda de la Tanzanie ? Victoria
36%
En 2009, qui est devenue la première chanteuse française à se produire au Stade de France ? Mylène Farmer
31%
Dans quelle ville de fiction se trouve l'asile d'Arkham ? Gotham City
29%
Quel jeune garçon de fiction s'exclame "Va te faire shampouiner" ou "Aye Caramba" au fil des épisodes ? Bart Simpson
28%
Comment appelle-t-on la partie rouge et comestible de la coquille Saint-Jacques ? corail
16%
Quelle actrice jouant dans "Casque d'or" était l'épouse d'Yves Montand ? Simone Signoret
13%
Dans quel musée new-yorkais est exposé le tableau "Les Demoiselles d'Avignon" peint par Picasso ? Musuem of Modern Art
3%
De quelle petite ville de Californie Clint Eastwood a-t-il été le maire ? Carmel-by-the-Sea
1%
Aucun quiz correspondant
Distribution des résultats
% des personnes avec chaque résultat
Percentile par nombre de réponses
Votre historique - résultats
Vous n’avez pas pris ce quiz